000
00287nam a22001337a 4500
008
180302b xxu||||| |||| 00| 0 eng d
020
_a
9780076052752
041
_a
eng
080
_a
510
100
_a
36
101
_a
MAT
245
_a
Everyday Mathematics
_c
Bell, M
942
_2
udc
_c
BK
999
_c
44070
_d
44070